| Tag |
First Indicator |
Second Indicator |
Subfields |
| LEADER |
00000cam a2200000 4500 |
| 001 |
in00000035850 |
| 005 |
20160211103515.0 |
| 008 |
750103s1955 enk b 00100 eng u |
| 010 |
|
|
|a 55002866
|
| 035 |
|
|
|a (OCoLC)01127913
|
| 035 |
|
|
|9 AAD7601AM
|
| 040 |
|
|
|c NED
|d TXA
|d UtOrBLW
|
| 043 |
|
|
|a e-uk---
|
| 049 |
|
|
|a TXAM
|c 1 [284385]
|a TXAS [scif]
|c 2
|
| 050 |
|
0 |
|a PR888.U7
|b G4 1955
|
| 082 |
0 |
|
|a 823.9109
|
| 092 |
|
|
|a 823.09
|b G362u
|
| 100 |
1 |
|
|a Gerber, Richard,
|d 1924-1986.
|
| 245 |
1 |
0 |
|a Utopian fantasy :
|b a study of English utopian fiction since the end of the nineteenth century /
|c by Richard Gerber.
|
| 264 |
|
1 |
|a London :
|b Routledge & Paul,
|c 1955.
|
| 300 |
|
|
|a xii, 162 pages ;
|c 24 cm.
|
| 336 |
|
|
|a text
|b txt
|2 rdacontent
|
| 337 |
|
|
|a unmediated
|b n
|2 rdamedia
|
| 338 |
|
|
|a volume
|b nc
|2 rdacarrier
|
| 504 |
|
|
|a Bibliography: pages 159-160.
|
| 500 |
|
|
|a Includes index.
|
| 650 |
|
0 |
|a English fiction
|y 20th century
|x History and criticism.
|
| 650 |
|
0 |
|a Utopias
|x History and criticism.
|
| 999 |
|
|
|a MARS
|
| 999 |
f |
f |
|s d5dd613b-970a-3ac3-acad-3901737bb834
|i 3189df68-c1a6-3a5a-965f-213c1fe6c523
|t 0
|
| 952 |
f |
f |
|p noncirc
|a Texas A&M University
|b College Station
|c Cushing Memorial Library & Archives
|d Cushing: Science Fiction (Does not check out)
|t 0
|e PR888.U7 G4 1955
|h Library of Congress classification
|i unmediated -- volume
|
| 952 |
f |
f |
|p ric
|a Texas A&M University
|b Rellis Campus
|c Joint Library Facility
|d Remote Storage
|t 0
|e PR888.U7 G4 1955
|h Library of Congress classification
|i unmediated -- volume
|m A14801335243
|
| 998 |
f |
f |
|a PR888.U7 G4 1955
|t 0
|l Remote Storage
|
| 998 |
f |
f |
|a PR888.U7 G4 1955
|t 0
|l Cushing: Science Fiction (Does not check out)
|